50 biggest cities in the United States - Statistics

General Stats
  • This quiz has been taken 81 times
  • The average score is 37 of 50
Answer Stats
State Answer % Correct
California Los Angeles
97%
Florida Miami
97%
Illinois Chicago
96%
Texas Houston
96%
New York New York
96%
Texas Dallas
94%
District of Columbia Washington D.C
94%
Colorado Denver
93%
Washington Seattle
93%
California San Francisco
92%
Massachusetts Boston
90%
Nevada Las Vegas
90%
California San Diego
90%
Arizona Phoenix
89%
Michigan Detroit
88%
Pennsylvania Philadelphia
88%
Georgia Atlanta
86%
Ohio Columbus
86%
Indiana Indianapolis
85%
Texas Austin
82%
Florida Jacksonville
82%
Tennessee Nashville
82%
Oklahoma Oklahoma City
82%
Texas San Antonio
82%
North Carolina Charlotte
81%
Oregon Portland
79%
Florida Tampa
79%
Minnesota Minneapolis
78%
Tennessee Memphis
76%
California Sacramento
76%
Maryland Baltimore
74%
Wisconsin Milwaukee
74%
Texas El Paso
69%
California San Jose
69%
Texas Fort Worth
67%
New Mexico Albuquerque
65%
Missouri Kansas City
65%
Kentucky Louisville
61%
Colorado Colorado Springs
60%
North Carolina Raleigh
58%
Nebraska Omaha
57%
Oklahoma Tulsa
56%
Virginia Virginia Beach
54%
California Fresno
49%
California Long Beach
46%
California Oakland
46%
Arizona Mesa
42%
Arizona Tuscon
33%
Texas Arlington
31%
Colorado Aurora
25%
No matching quizzes found
Score Distribution
Percent of People with Each Score
Percentile by Number Answered
Your Score History
You have not taken this quiz